| 000 | 00351nam a2200133Ia 4500 | ||
|---|---|---|---|
| 008 | 240624s9999 xx 000 0 und d | ||
| 041 | _aeng | ||
| 082 | _a158.7 WEI | ||
| 100 | _aWEISINGER HENDRIE | ||
| 245 | _aEMOTIONAL INTELLIGENCE AT WORK | ||
| 260 |
_c2006 _aNew Delhi _bWiley India |
||
| 300 | _axxiii, : 218 : p. : cm. ; 23 | ||
| 365 |
_cRS _b33.33 |
||
| 999 |
_c15023 _d15023 |
||